The manny / (Record no. 35)

MARC details
000 -LEADER
fixed length control field 00472pam a2200157 4500
008 - FIXED-LENGTH DATA ELEMENTS--GENERAL INFORMATION
fixed length control field 060221s2007 enk 000 1 eng
020 ## - INTERNATIONAL STANDARD BOOK NUMBER
International Standard Book Number 0007245203 (pbk.)
100 1# - MAIN ENTRY--PERSONAL NAME
Personal name Peterson, Holly.
245 14 - TITLE STATEMENT
Title The manny /
Statement of responsibility, etc. Holly Peterson.
260 ## - PUBLICATION, DISTRIBUTION, ETC.
Place of publication, distribution, etc. London :
Name of publisher, distributor, etc. HarperCollins,
Date of publication, distribution, etc. 2007.
300 ## - PHYSICAL DESCRIPTION
Extent 408 p. ;
Dimensions 23 cm.
650 #0 - SUBJECT ADDED ENTRY--TOPICAL TERM
Topical term or geographic name entry element Male child care workers
Form subdivision Fiction.
Topical term or geographic name entry element Nannies
Form subdivision Fiction.
Topical term or geographic name entry element Working mothers
Form subdivision Fiction.
651 #0 - SUBJECT ADDED ENTRY--GEOGRAPHIC NAME
Geographic name Manhattan (New York, N.Y.)
Form subdivision Fiction.
Holdings
Withdrawn status Lost status Source of classification or shelving scheme Damaged status Not for loan Collection code Home library Current library Shelving location Date acquired Serial Enumeration / chronology Inventory number Full call number Barcode Date last seen Price effective from Koha item type
    Dewey Decimal Classification     Fiction RTC Library RTC Library Fiction 27/11/2018 1670 FIC 813.54 PET 30000940 03/01/2022 27/11/2018 Fiction
Royal Thimphu College || All Right Reserved